[Event "Aut_2.Bundesliga_Ost_2003/04"]
[Site "Bruck/Leitha (1+2), Wien (3+4), Eichgraben (5-7), Wien (8+9), Eichgraben (10+11)"]
[Date "2004.02.29"]
[Round "11"]
[Board "5"]
[White "Prager, Manfred"]
[Black "Holzer, Gerhard"]
[Result "0-1"]
[WhiteElo "2099"]
[BlackElo "2245"]
[PlyCount "131"]

1.e4 c5 2.Nf3 a6 3.c4 e6 4.Nc3 d6 5.d4 cxd4 6.Nxd4 Nf6 7.Be2 Be7 8.O-O b6 9.Be3
O-O 10.Rc1 Bb7 11.f3 Nbd7 12.Qd2 Re8 13.Rfd1 Bf8 14.Nc2 Qc7 15.Bf4 Ne5 16.b3
Rad8 17.Qe1 d5 18.Bg3 dxe4 19.fxe4 Qc5+ 20.Bf2 Qc7 21.Bg3 Bd6 22.Kh1 Nxe4
23.Nxe4 Bxe4 24.Bf1 f5 25.Nb4 a5 26.Na6 Qe7 27.c5 bxc5 28.Nxc5 Nf3 29.Bxd6 Rxd6
30.Qf2 Ng5 31.Bc4 Rxd1+ 32.Rxd1 Rc8 33.Nxe4 Nxe4 34.Qe3 Kf7 35.Rf1 Nd6 36.Bd3
Ne8 37.Bc4 g6 38.Re1 Ng7 39.Qb6 Rc5 40.h3 h6 41.Rd1 Qc7 42.Qa6 Re5 43.Qa8 f4
44.a4 Kf6 45.Qf8+ Qf7 46.Qd8+ Qe7 47.Qd4 g5 48.Re1 Qc7 49.Rxe5 Qxe5 50.Qd8+ Kg6
51.Bb5 Qe1+ 52.Kh2 Kh5 53.Qd3 Kh4 54.Qf3 h5 55.Be2 e5 56.Qe4 Qg3+ 57.Kg1 Qxb3
58.Qxe5 Qb1+ 59.Kf2 Nf5 60.Qxa5 Ng3 61.Qb5 Qc1 62.Qd3 Qc5+ 63.Ke1 Qb4+ 64.Kf2
Qxa4 65.Kg1 Qa1+ 66.Bf1

[Event "Aut_2.Bundesliga_Ost_2003/04"]
[Site "Bruck/Leitha (1+2), Wien (3+4), Eichgraben (5-7), Wien (8+9), Eichgraben (10+11)"]
[Date "2004.02.29"]
[Round "11"]
[Board "6"]
[White "Hofbauer, Martin"]
[Black "Penker, Harald"]
[Result "1/2-1/2"]
[WhiteElo "2267"]
[BlackElo "2124"]
[PlyCount "129"]

1.e4 c6 2.d4 d5 3.Nd2 dxe4 4.Nxe4 Bf5 5.Ng3 Bg6 6.h4 h6 7.Nf3 Nd7 8.h5 Bh7 9.Bd3
Bxd3 10.Qxd3 e6 11.Bf4 Qa5+ 12.Bd2 Qc7 13.O-O-O Ngf6 14.Kb1 Bd6 15.Ne4 Nxe4
16.Qxe4 Nf6 17.Qe2 O-O-O 18.Ne5 Kb8 19.g3 Ka8 20.Nc4 Rhe8 21.Rhe1 Qe7 22.Bc1 Bb4
23.c3 Bd6 24.Nxd6 Qxd6 25.Bf4 Qd5 26.Be5 Qg2 27.Rg1 Qd5 28.g4 Qe4+ 29.Qxe4 Nxe4
30.f3 Nf6 31.c4 Rg8 32.Rd3 Nd7 33.Rgd1 Nb6 34.b3 Rd7 35.Kc2 a6 36.a4 a5 37.Bg3
Ka7 38.Be1 Ka6 39.Bc3 Rc7 40.Re3 Nd7 41.Kb2 Nf6 42.Rg1 Rd8 43.Re2 b6 44.Rh2 Ne8
45.Rd2 Rcd7 46.Rgd1 f6 47.Kc2 Nc7 48.Re1 Rc8 49.f4 Kb7 50.Rg2 b5 51.g5 hxg5
52.fxg5 b4 53.Bb2 Rh8 54.Rh1 fxg5 55.Rxg5 Rh7 56.Rxa5 Rf7 57.Rh2 Rf5 58.Rxf5
exf5 59.Bc1 Ne6 60.Kd3 g5 61.d5 cxd5 62.cxd5 Nc5+ 63.Kc4 Ne4 64.Kxb4 f4 65.Kc4

[Event "Aut_2.Bundesliga_Ost_2003/04"]
[Site "Bruck/Leitha (1+2), Wien (3+4), Eichgraben (5-7), Wien (8+9), Eichgraben (10+11)"]
[Date "2004.02.29"]
[Round "11"]
[Board "1"]
[White "Lau, Ralf"]
[Black "Srienz, Christian"]
[Result "1/2-1/2"]
[WhiteElo "2497"]
[BlackElo "2222"]
[PlyCount "105"]

1.d4 g6 2.c3 Bg7 3.Bg5 c5 4.e3 cxd4 5.exd4 Nf6 6.Nd2 b6 7.Ngf3 d6 8.Bd3 O-O
9.O-O Nbd7 10.Re1 Bb7 11.a4 Re8 12.a5 bxa5 13.Nc4 Rb8 14.Nxa5 Ba8 15.b4 Qc7
16.Rc1 e5 17.dxe5 dxe5 18.Nd2 Nc5 19.Bb1 Nd5 20.Ndc4 Ne6 21.Bh4 Nef4 22.f3 Bf8
23.Ba2 Kg7 24.Kh1 f6 25.Qc2 Nxc3 26.Qxc3 Bxb4 27.Qa1 Bxe1 28.Bxe1 Rb5 29.Qc3 Rd5
30.Bb1 Rb5 31.Bg3 Rc8 32.Bxf4 exf4 33.Bd3 Re5 34.Ra1 Re7 35.h3 Qd7 36.Bf1 Qc7
37.Qa3 Qc5 38.Qxc5 Rxc5 39.Nb3 Rb5 40.Nd4 Rb4 41.Rd1 Kh6 42.Kg1 Kh5 43.Ra1 f5
44.Nc2 Rb3 45.Na5 Rc3 46.Nd4 Kg5 47.Nc4 Bd5 48.Nd6 Rd7 49.N6b5 Rc8 50.Nxa7 Ra8
51.Ndb5 Bf7 52.Kh2 Kh6 53.Kg1

[Event "Aut_2.Bundesliga_Ost_2003/04"]
[Site "Bruck/Leitha (1+2), Wien (3+4), Eichgraben (5-7), Wien (8+9), Eichgraben (10+11)"]
[Date "2004.02.29"]
[Round "11"]
[Board "2"]
[White "Bechmann, Gerhard"]
[Black "Kleiser, Gregor"]
[Result "0-1"]
[WhiteElo "2141"]
[BlackElo "2235"]
[PlyCount "74"]

1.f4 g6 2.Nf3 Bg7 3.c3 d5 4.d3 Nf6 5.g3 O-O 6.Bg2 Nbd7 7.O-O b5 8.a4 b4 9.a5 Rb8
10.Bd2 bxc3 11.bxc3 c5 12.Qc2 Ba6 13.Re1 c4 14.d4 Rb5 15.Bc1 Rxa5 16.Rxa5 Qxa5
17.Ba3 Re8 18.Bb4 Qb6 19.Nbd2 Bb5 20.Ra1 a6 21.e3 Nb8 22.Ne5 Nc6 23.Bc5 Qc7
24.Ba3 Nxe5 25.fxe5 Ng4 26.Nf1 Qd7 27.e4 f6 28.e6 Qxe6 29.exd5 Qd7 30.h3 Nh6
31.Ne3 Nf7 32.Qa2 e5 33.Nxc4 Qc7 34.Bc5 exd4 35.cxd4 Qxg3 36.d6 Kh8 37.Nd2 Ng5

[Event "Aut_2.Bundesliga_Ost_2003/04"]
[Site "Bruck/Leitha (1+2), Wien (3+4), Eichgraben (5-7), Wien (8+9), Eichgraben (10+11)"]
[Date "2004.02.29"]
[Round "11"]
[Board "3"]
[White "Schwaninger, Wolfgang"]
[Black "Thoma, Wilhelm Jun."]
[Result "0-1"]
[WhiteElo "2226"]
[BlackElo "2161"]
[PlyCount "108"]

1.d4 Nf6 2.Nf3 d5 3.g3 e6 4.Bg2 Be7 5.O-O O-O 6.c4 dxc4 7.Qa4 a6 8.Qxc4 b5 9.Qc2
Bb7 10.Nc3 Nbd7 11.a3 c5 12.dxc5 Bxc5 13.b4 Be7 14.Bb2 Rc8 15.Qb3 Nb6 16.Rfd1
Qc7 17.Rac1 Qc4 18.Qc2 Be4 19.Qd2 Rfd8 20.Qe3 Rxd1+ 21.Nxd1 Qd5 22.Nc3 Qb3
23.Nxe4 Qxb2 24.Rxc8+ Nxc8 25.Nc5 Nd5 26.Qd3 Qc1+ 27.Bf1 Bxc5 28.bxc5 Qxc5 29.e4
Ndb6 30.Qd8+ Qf8 31.Qc7 Qxa3 32.Ne5 Qf8 33.Qb7 f6 34.Nc6 Qd6 35.Nb8 b4 36.Nxa6
b3 37.Qc7 Qxc7 38.Nxc7 b2 39.Bd3 Nc4 40.Nb5 Nd2 41.Nc3 Nd6 42.Kg2 Kf7 43.f3 N6c4
44.Bxc4 Nxc4 45.Nb1 Ke7 46.Kf2 Kd6 47.Ke2 Kc5 48.Kd3 Kb4 49.f4 Na3 50.Nd2 b1=Q+
51.Nxb1 Nxb1 52.Kd4 Nc3 53.e5 f5 54.g4 g6

[Event "Aut_2.Bundesliga_Ost_2003/04"]
[Site "Bruck/Leitha (1+2), Wien (3+4), Eichgraben (5-7), Wien (8+9), Eichgraben (10+11)"]
[Date "2004.02.29"]
[Round "11"]
[Board "1"]
[White "Brestian, Egon"]
[Black "Tibensky, Robert"]
[Result "1/2-1/2"]
[WhiteElo "2431"]
[BlackElo "2405"]
[PlyCount "38"]

1.c4 Nf6 2.g3 g6 3.Bg2 Bg7 4.Nf3 O-O 5.O-O d6 6.Nc3 c6 7.d3 Re8 8.Bd2 e5 9.Rc1
h6 10.b4 a6 11.a4 a5 12.b5 c5 13.Ne1 Ra7 14.Nc2 b6 15.Ne3 Bb7 16.Ned5 Nxd5
17.cxd5 Nd7 18.Nb1 f5 19.e4 Nf6

[Event "Aut_2.Bundesliga_Ost_2003/04"]
[Site "Bruck/Leitha (1+2), Wien (3+4), Eichgraben (5-7), Wien (8+9), Eichgraben (10+11)"]
[Date "2004.02.29"]
[Round "11"]
[Board "2"]
[White "Wallner, Joachim"]
[Black "Lipka, Juraj"]
[Result "1/2-1/2"]
[WhiteElo "2297"]
[BlackElo "2417"]
[PlyCount "42"]

1.e4 e6 2.d4 d5 3.Nd2 Nf6 4.e5 Nfd7 5.c3 c5 6.f4 cxd4 7.cxd4 Nc6 8.Ndf3 f5 9.Bd3
Be7 10.Ne2 Nb6 11.O-O Bd7 12.Nc3 O-O 13.Kh1 Be8 14.Qe2 Bh5 15.Be3 Nb4 16.Bb1 Nc4
17.a3 Nc6 18.Bd3 Nxe3 19.Qxe3 Rc8 20.Ne2 Na5 21.Rac1 Qd7

[Event "Aut_2.Bundesliga_Ost_2003/04"]
[Site "Bruck/Leitha (1+2), Wien (3+4), Eichgraben (5-7), Wien (8+9), Eichgraben (10+11)"]
[Date "2004.02.29"]
[Round "11"]
[Board "3"]
[White "Alvir, Aco"]
[Black "Ganaus, Hannes"]
[Result "1/2-1/2"]
[WhiteElo "2374"]
[BlackElo "2349"]
[PlyCount "36"]

1.e4 e6 2.d4 d5 3.Nc3 Nf6 4.Bg5 Be7 5.e5 Nfd7 6.Bxe7 Qxe7 7.f4 a6 8.Nf3 Nb6
9.Bd3 c5 10.dxc5 Qxc5 11.Qe2 Nc6 12.O-O-O Bd7 13.Kb1 g6 14.h4 h5 15.Rh3 Na7
16.Nd2 Bc6 17.Nb3 Qe7 18.Qf2 Nd7

[Event "Aut_2.Bundesliga_Ost_2003/04"]
[Site "Bruck/Leitha (1+2), Wien (3+4), Eichgraben (5-7), Wien (8+9), Eichgraben (10+11)"]
[Date "2004.02.29"]
[Round "11"]
[Board "4"]
[White "Franzen, Jozef"]
[Black "Kuthan, Andreas"]
[Result "1/2-1/2"]
[WhiteElo "2402"]
[BlackElo "2237"]
[PlyCount "31"]

1.c4 g6 2.Nc3 Bg7 3.g3 Nf6 4.Bg2 O-O 5.e3 c6 6.b3 d5 7.Bb2 Bf5 8.d4 Qd7 9.Rc1
Na6 10.Nf3 Bh3 11.Ne5 Qe6 12.Bf3 Nc7 13.Ne2 g5 14.Ng1 Bf5 15.h4 g4 16.Bg2

[Event "Aut_2.Bundesliga_Ost_2003/04"]
[Site "Bruck/Leitha (1+2), Wien (3+4), Eichgraben (5-7), Wien (8+9), Eichgraben (10+11)"]
[Date "2004.02.29"]
[Round "11"]
[Board "5"]
[White "Travenec, Igor"]
[Black "Fusi, Christoph"]
[Result "1/2-1/2"]
[WhiteElo "2234"]
[BlackElo "2241"]
[PlyCount "62"]

1.e4 c6 2.d4 d5 3.Nc3 dxe4 4.Nxe4 Nd7 5.Nf3 Ngf6 6.Nxf6+ Nxf6 7.Bc4 e6 8.O-O Be7
9.c3 O-O 10.Ne5 Nd7 11.Qe2 Nxe5 12.dxe5 Qc7 13.Qe4 b6 14.Re1 Bb7 15.Qg4 Rfd8
16.Bh6 Bf8 17.Bg5 Rd7 18.Qe2 Be7 19.Bxe7 Rxe7 20.Rad1 Rd8 21.Rxd8+ Qxd8 22.Rd1
Rd7 23.Rxd7 Qxd7 24.Qd3 Qxd3 25.Bxd3 c5 26.f4 Bd5 27.a3 f6 28.Kf2 fxe5 29.fxe5
g6 30.g3 Kg7 31.b4 Kh6

[Event "Aut_2.Bundesliga_Ost_2003/04"]
[Site "Bruck/Leitha (1+2), Wien (3+4), Eichgraben (5-7), Wien (8+9), Eichgraben (10+11)"]
[Date "2004.02.29"]
[Round "11"]
[Board "6"]
[White "Zetthofer, Gerald"]
[Black "Froschauer, Hans"]
[Result "1/2-1/2"]
[WhiteElo "2225"]
[BlackElo "2120"]
[PlyCount "45"]

1.d4 Nf6 2.c4 e6 3.Nc3 d5 4.Bg5 Be7 5.e3 O-O 6.Nf3 Nbd7 7.Rc1 c6 8.Bd3 Re8 9.O-O
Nf8 10.Qc2 Ng6 11.Ne5 dxc4 12.Nxc4 Nd5 13.Bxe7 Qxe7 14.a3 Nxc3 15.Qxc3 Bd7
16.Rfd1 Rec8 17.b4 Be8 18.Rd2 Rd8 19.g3 Rac8 20.h4 f6 21.Be4 Nf8 22.Na5 Qd7
23.Nb3